[Event "XII Figueira da Foz Open 2018"]
[Site "Figueira da Foz"]
[Date "2018.11.02"]
[Round "7"]
[White "Goncalves, Lucas Jordao"]
[Black "Correia, Pedro Mourao Soares"]
[Result "1-0"]
[WhiteElo "1401"]
[BlackElo "1518"]
[Annotator "NA RC"]
[PlyCount "63"]
[EventDate "2018.10.30"]
[EventType "swiss"]
[EventCountry "POR"]
[SourceTitle "playchess.com"]
[Source "ChessBase"]
[SourceQuality "1"]
[TimeControl "40/5400+30:1800+30"]

1. e4 {[%emt 0:03:49]} c6 {[%emt 0:00:00]} 2. d4 {[%emt 0:00:47]} d5 {[%emt 0:00:00]} 3. exd5 {[%emt 0:00:12]} cxd5 {[%emt 0:00:04]} 4. Bd3 {[%emt 0:00:07]} Nf6 {[%emt 0:00:32]} 5. Nf3 {[%emt 0:00:26]} Bg4 {[%emt 0:00:07]} 6. Bf4 {[%emt 0:00:16]} Nbd7 {[%emt 0:01:10]} 7. h3 {[%emt 0:00:28]} Bh5 {[%emt 0:00:09]} 8. Nbd2 {[%emt 0:00:04]} e6 {[%emt 0:00:47]} 9. c3 {[%emt 0:00:19]} Qb6 {[%emt 0:02:35]} 10. Qc2 {[%emt 0:00:04]} Bd6 {[%emt 0:01:37]} 11. Bxd6 {[%emt 0:01:41]} Qxd6 {[%emt 0:00:08]} 12. O-O {[%emt 0:00:11]} O-O {[%emt 0:02:36]} 13. Rac1 {[%emt 0:01:21]} Rfe8 {[%emt 0:04:09]} 14. Rfe1 {[%emt 0:03:13]} Qf4 {[%emt 0:05:17]} 15. g3 {[%emt 0:03:18]} Qh6 {[%emt 0:03:51]} 16. Kg2 {[%emt 0:01:12]} g5 {[%emt 0:01:39]} 17. Ne5 {[%emt 0:00:39]} Qg7 {[%emt 0:03:01]} 18. Ndf3 {[%emt 0:03:21]} g4 {[%emt 0:07:23]} 19. hxg4 {[%emt 0:00:07]} Nxe5 {[%emt 0:06:23]} 20. Nxe5 {[%emt 0:05:14]} Nxg4 {[%emt 0:09:10]} 21. Nxg4 {[%emt 0:02:54]} Bxg4 {[%emt 0:02:35]} 22. Rh1 {[%emt 0:00:57]} Qf6 {[%emt 0:08:24]} 23. Bxh7+ {[%emt 0:01:35]} Kf8 {[%emt 0:03:19]} 24. Qd3 {[%emt 0:00:15]} Rac8 {[%emt 0:03:47]} 25. f3 {[%emt 0:00:29]} Bf5 {[%emt 0:00:37]} 26. Bxf5 {[%emt 0:00:08]} exf5 {[%emt 0:00:32]} 27. Rce1 {[%emt 0:00:03]} Re6 {[%emt 0:02:43]} 28. Rxe6 {[%emt 0:00:52]} fxe6 {[%emt 0:00:27]} 29. Qe3 {[%emt 0:00:11]} Rc6 {[%emt 0:01:04]} 30. Rh6 {[%emt 0:00:27]} Qf7 {[%emt 0:02:50]} 31. Qg5 {[%emt 0:00:51]} Ke8 {[%emt 0:02:21]} 32. Rh8+ {[%emt 0:00:15]} 1-0

[Event "XII Figueira da Foz Open 2018"]
[Site "Figueira da Foz"]
[Date "2018.11.03"]
[Round "7"]
[White "Ferreira, Cristina"]
[Black "Dong, Rafael"]
[Result "0-1"]
[WhiteElo "1069"]
[BlackElo "1360"]
[Annotator "NA RC"]
[PlyCount "58"]
[EventDate "2018.10.30"]
[EventType "swiss"]
[EventCountry "POR"]
[SourceTitle "playchess.com"]
[Source "ChessBase"]
[SourceQuality "1"]
[TimeControl "40/5400+30:1800+30"]

1. d4 Nf6 2. c4 e6 3. Bd2 b6 4. Nf3 Bb7 5. e3 Be7 6. Be2 O-O 7. a3 c5 8. Qc2 Nc6 9. O-O Qc7 10. Nc3 d5 11. e4 cxd4 12. Nb5 Qc8 13. e5 Nd7 14. Bd3 h6 15. Bh7+ Kh8 16. Bxh6 gxh6 17. Qd2 Kxh7 18. Qd3+ Kg7 19. Qd2 a6 20. Nd6 Bxd6 21. Nh4 Ndxe5 22. Qe2 Qd8 23. Qh5 Qg5 24. f4 Qxh5 25. g3 Ng6 26. Rf2 Nxh4 27. Raf1 Nf5 28. Rg2 Ne3 29. Rff2 Qd1+ 0-1

[Event "XII Figueira da Foz Open 2018"]
[Site "Figueira da Foz"]
[Date "2018.11.03"]
[Round "8"]
[White "Stella, Andrea"]
[Black "Jakubowski, Krzysztof"]
[Result "1/2-1/2"]
[WhiteElo "2500"]
[BlackElo "2511"]
[Annotator "TA"]
[PlyCount "109"]
[EventDate "2018.10.30"]
[EventType "swiss"]
[EventCountry "POR"]
[SourceTitle "playchess.com"]
[Source "ChessBase"]
[SourceQuality "1"]

{[%evp 23,109,14,12,0,0,5,6,0,0,0,55,54,71,70,83,83,79,79,79,81,78,78,88,87,92,87,97,90,96,91,106,102,104,74,141,85,118,85,118,118,127,119,122,0,112,0,131,143,143,124,115,122,112,104,145,145,144,144,225,233,197,63,63,63,63,63,63,63,63,63,63,63,63,29,29,29,37,37,37,44,44,44,44,44,52,52,52,0]} 1. d4 d5 2. c4 e6 3. Nc3 Nf6 4. Bg5 Nbd7 5. e3 Be7 6. Nf3 O-O 7. Rc1 h6 8. Bh4 c5 {D63: Damengambit (Hauptvariante mit 7.Tc1)} 9. cxd5 (9. dxc5 Nxc5 10. cxd5 g5 11. Bg3 Nxd5 12. Nxd5 Qxd5 13. Qxd5 exd5 14. Nd4 Bd7 15. Be2 Rac8 16. O-O {½-½ (31) Ivanchuk,V (2710)-Yu,Y (2765) Batumi 2018}) 9... Nxd5 10. Bxe7 Nxe7 11. Be2 b6 12. O-O Bb7 {LiveBook: 13 Partien} 13. dxc5 Nxc5 14. b4 Ne4 15. Nxe4 Bxe4 16. Qa4 Nd5 ({Günstiger ist} 16... Qb8 $11) 17. b5 $14 Bxf3 $146 ({Vorgänger:} 17... Bg6 18. Ne5 Bf5 19. Bf3 Qg5 20. h4 Qd8 21. e4 Qxh4 22. g3 {1-0 (22) Perepechenko,V (1372)-Guaimare,C (1114) LSS email 2011}) 18. Bxf3 Qg5 19. Rfd1 Rfd8 20. h4 Qe5 21. Qd4 Qxd4 22. Rxd4 Rd7 23. Bxd5 exd5 $16 {[%mdl 4096] Endspiel KTT-KTT} 24. Rcd1 Rad8 25. e4 Kf8 26. exd5 ({Viel schlechter ist} 26. Rxd5 $6 Rxd5 27. exd5 Ke7 $11) 26... Ke7 27. f3 Kd6 28. Rc4 h5 (28... Ke7 $142) 29. Kf2 (29. Re1 $142) 29... Ke5 30. Re4+ Kf5 {[#]} 31. a4 $1 Kf6 32. Rf4+ Ke5 33. Re4+ Kf6 34. Rf4+ Ke5 35. Rc4 g6 36. Kg3 Rxd5 37. Rxd5+ Rxd5 {KT-KT} 38. Rc7 $1 {[%csl LRa7,LRf7]} a6 39. bxa6 Ra5 40. Rxf7 Rxa4 (40... Rxa6 $16 41. Rf4 Ra8) 41. a7 $18 b5 {[%cal Bb6b5,Bb5b4][%mdl 32] [#]} 42. Rb7 (42. Kf2 $1 $18) 42... b4 $1 $14 43. Rb5+ Kf6 $1 44. Rb6+ Kg7 45. Rb7+ (45. a8=R {is interesting.} Rxa8 46. Rxb4 Ra2 47. Rb7+ Kf6 48. Rc7) 45... Kf6 46. Rxb4 (46. Kf2 {keeps more tension.} b3 47. Rxb3 Rxa7 48. Kg3 Ra6 49. Rb5) 46... Rxa7 47. Kf4 Ra6 48. g4 (48. Rd4 {looks sharper.} Rc6 49. Ra4 Rd6 50. Ra8 Rd4+ 51. Kg3) 48... hxg4 49. fxg4 g5+ 50. hxg5+ {Weiß steht etwas besser.} Kg6 51. Rc4 Rb6 52. Ra4 Rc6 53. Ra5 Rc4+ 54. Kg3 Rc1 55. Kf4 {Precision: Weiß = 59%, Schwarz = 58%.} (55. Kf3 $14) 1/2-1/2

[Event "XII Figueira da Foz Open 2018"]
[Site "Figueira da Foz"]
[Date "2018.11.03"]
[Round "8"]
[White "Galego, Luis"]
[Black "Rotstein, Arkadij"]
[Result "1-0"]
[WhiteElo "2473"]
[BlackElo "2476"]
[Annotator "TA"]
[PlyCount "90"]
[EventDate "2018.10.30"]
[EventType "swiss"]
[EventCountry "POR"]
[SourceTitle "playchess.com"]
[Source "ChessBase"]
[SourceQuality "1"]

{[%evp 13,90,38,22,-24,-12,-24,0,0,0,0,0,0,0,0,0,0,20,-11,0,0,0,0,0,-4,-1,-15,-11,-15,0,-12,-16,-18,0,0,0,0,111,98,116,114,107,105,110,95,104,101,91,60,135,120,118,114,234,225,253,253,253,253,251,247,272,249,245,241,245,232,305,294,493,446,808,607,762,595,1022,595,595,584,547]} 1. d4 Nf6 2. Nf3 g6 3. g3 Bg7 4. Bg2 O-O 5. O-O d6 6. a4 Nbd7 7. a5 c5 {LiveBook: 3 Partien. A49: Königsindisch (ohne c2-c4)} (7... Rb8 8. Nbd2 e5 9. dxe5 Nxe5 10. Nxe5 dxe5 11. Nc4 Qe7 12. b3 Rd8 13. Ba3 Qe8 14. Qc1 Bg4 15. Qe3 {½-½ (34) Kazhgaleyev,M (2570)-Amonatov,F (2602) Tashkent 2016}) 8. a6 bxa6 9. Ne5 dxe5 $146 {Schwarz hat minimalen Vorteil.} ({Vorgänger:} 9... d5 10. Nc6 Qe8 11. c4 cxd4 12. cxd5 Nb6 13. Qxd4 Nfxd5 14. Qc5 Bd7 15. Nxa7 Rxa7 16. Bxd5 {½-½ (83) Lutsenko,A-Stolyarsky,Y (1821) Sochi 2016}) 10. dxe5 Rb8 ({Natürlich nicht} 10... Nxe5 $6 11. Qxd8 Rxd8 12. Bxa8 $16) 11. exf6 Nxf6 12. Qxd8 (12. Nc3 {keeps more tension.} Nd7 13. e4 e6 14. Qe2 Qc7 15. Na4) 12... Rxd8 13. Nc3 e6 14. Na4 c4 15. Be3 Bb7 16. Bxa7 Bxg2 17. Kxg2 Rb7 18. Be3 Nd5 19. Bg5 Rc8 20. c3 Rb5 21. Bd2 f5 22. Rfe1 Rd8 23. e4 Nf6 24. Bg5 {[#] Schwarz muss nun e5 beachten.} Re8 (24... e5 $1 $11 {bleibt in der Remisbreite.}) 25. exf5 {Droht stark Lxf6.} gxf5 26. Bxf6 $1 Bxf6 {[#]} 27. Rad1 $1 Kf7 28. Rd6 Ra5 29. Nb6 Rc5 30. f4 Re7 (30... Bd8 $1 $14) 31. Kf3 Bg7 32. Ra1 Rb7 (32... a5 $16) 33. Rxa6 $18 e5 34. fxe5 Bxe5 35. Rd7+ Rxd7 36. Nxd7 Rd5 37. Nxe5+ Rxe5 {[%mdl 4096] Endspiel KT-KT} 38. Rb6 Re4 39. h3 h5 40. Rh6 Re5 $2 (40... Re1 41. Rxh5 Ke6 42. Rh6+ Ke5) 41. Rxh5 {Weiß steht klar auf Gewinn.} Rb5 (41... Kg6 $142) 42. Kf4 Ke6 43. Rh6+ Kd5 44. Rf6 Rxb2 45. Rxf5+ Kd6 {Precision: Weiß = 71%, Schwarz = 40%.} 1-0

[Event "XII Figueira da Foz Open 2018"]
[Site "Figueira da Foz"]
[Date "2018.11.03"]
[Round "8"]
[White "Oratovsky, Michael"]
[Black "Elissalt Cardenas, Hector"]
[Result "1-0"]
[WhiteElo "2466"]
[BlackElo "2316"]
[Annotator "TA"]
[PlyCount "93"]
[EventDate "2018.10.30"]
[EventType "swiss"]
[EventCountry "POR"]
[SourceTitle "playchess.com"]
[Source "ChessBase"]
[SourceQuality "1"]

{[%evp 25,93,8,70,64,68,80,70,63,108,38,59,50,123,61,70,57,97,89,103,89,107,111,132,142,142,133,140,139,141,141,139,131,131,81,123,117,122,129,203,203,210,204,198,162,159,146,156,137,143,145,315,291,283,281,334,334,332,327,329,326,452,398,499,506,506,500,495,485,443,430]} 1. e4 d6 2. d4 Nf6 3. Nc3 e5 4. Nf3 Nbd7 5. Bc4 Be7 6. a4 O-O 7. O-O c6 8. Re1 a5 9. h3 Nb6 {C41: Philidor Defence} (9... Re8 10. Ba2 Bf8 11. Be3 Qc7 12. Ng5 Re7 13. f4 b6 14. fxe5 dxe5 15. d5 cxd5 16. exd5 {1-0 (16) Wang,H (2709)-Ivanchuk,V (2726) Huaian 2017}) 10. Ba2 Nfd7 {[%cal Bf6d7,Bd7c5,Bc5e6,Be6f4][%mdl 32]} 11. dxe5 dxe5 12. Be3 Qc7 13. Ng5 Bxg5 {LiveBook: 8 Games} ({Better is} 13... Nf6 $1 $11) 14. Bxg5 $14 Nc5 $1 15. Be3 Ne6 16. Qf3 Nf4 17. g3 $146 (17. Rad1 $16) ({Predecessor:} 17. Rad1) 17... Ne6 $1 ({Much weaker is} 17... Nxh3+ $6 18. Kg2 $18) 18. Rad1 Re8 ({Black should play} 18... Rd8 $14) 19. Kg2 (19. Qh5 $16) 19... Nd7 20. Qe2 (20. Rd2 {is more complex.} Nf6 21. Red1 Qe7 22. g4 h6 23. Qg3) 20... b6 21. Qd2 Ra7 22. Qd6 Qxd6 23. Rxd6 Rc7 24. Bxe6 Rxe6 {[#]} 25. Bxb6 $1 {[%mdl 512]} Rb7 (25... Nxb6 26. Rd8+) 26. Rxe6 fxe6 27. Bxa5 {aiming for b3.} Rxb2 28. Re2 Kf7 29. Bc7 Ke8 30. Bd6 Ba6 31. Ba3 Rb7 (31... Bxe2 $16 32. Bxb2 Ba6) 32. Rd2 $18 Bc4 33. Rd6 Rc7 34. Rd1 Ra7 35. Rb1 Kd8 36. Bd6 Kc8 37. f3 Ra6 $2 {[#]} (37... Rb7 $16 38. Kf2 Ba6) 38. Rb4 $1 {[%cal Rb4c4]} c5 39. Bxc5 $1 ({Weaker is} 39. Rxc4 Rxd6 40. Kf1 Rd2 $16) 39... Nxc5 40. Rxc4 {[%mdl 4096] Endgame KRN-KRN} Rc6 41. Nd1 Kd7 42. Nf2 Nb7 43. Nd3 Rxc4 44. Nxe5+ {White is clearly winning.} Kd6 45. Nxc4+ Kc5 46. Ne5 Kb4 47. Kf2 {Precision: White = 64%, Black = 28%.} 1-0

[Event "XII Figueira da Foz Open 2018"]
[Site "Figueira da Foz"]
[Date "2018.11.03"]
[Round "8"]
[White "Romanishin, Oleg M"]
[Black "Del Rio De Angelis, Salvador G."]
[Result "1-0"]
[WhiteElo "2443"]
[BlackElo "2547"]
[Annotator "TA"]
[PlyCount "57"]
[EventDate "2018.10.30"]
[EventType "swiss"]
[EventCountry "POR"]
[SourceTitle "playchess.com"]
[Source "ChessBase"]
[SourceQuality "1"]

{[%evp 15,57,27,29,0,0,0,0,-20,-25,-15,55,44,61,35,109,95,167,163,175,181,184,170,190,187,303,302,263,246,326,367,489,484,571,568,752,749,1442,1410,1385,1348,1146,1048,1052,1046]} 1. Nf3 b6 2. d4 Bb7 3. g3 g6 4. Bg2 Nf6 5. c4 Bg7 6. O-O O-O 7. d5 Ne4 {A50: Queen's Fianchetto Defence (1 d4 Nf6 2 c4 b6)} (7... e6 8. Nc3 Re8 9. Nd4 exd5 10. cxd5 Na6 11. e4 Nc5 12. Re1 Nxd5 13. exd5 Rxe1+ 14. Qxe1 Bxd4 15. Be3 {0-1 (39) Melkumyan,H (2633)-Mamedyarov,S (2799) Riadh 2017}) 8. Qc2 f5 {LiveBook: 53 Games} 9. Nbd2 Nd6 {The position is equal.} 10. e4 c6 11. Re1 Na6 12. e5 $146 ({Predecessor:} 12. dxc6 Bxc6 13. exf5 Nxf5 14. Rb1 Nc5 15. b4 {1-0 (54) Erigaisi,A (2499)-Berczes,D (2510) Budapest 2018}) 12... Ne8 (12... Nf7 $11) 13. dxc6 Bxc6 14. a3 d6 ({Better is} 14... Nec7 $14) 15. b4 $16 dxe5 (15... Nac7 $16 {was worth a try.}) 16. Nxe5 $18 Bxg2 17. Kxg2 Rc8 18. Bb2 Nb8 19. Ndf3 Nc7 (19... e6 $142 20. Qe2 Qe7) 20. Rad1 Qe8 21. h4 Rd8 22. c5 {[%cal Bc4c5,Bc5c6,Bc6d7][%mdl 32]} Rxd1 23. Rxd1 {White is clearly winning.} ({Less strong is} 23. Qxd1 bxc5 24. bxc5 e6 $16) 23... b5 24. c6 e6 25. Nd7 Nxd7 26. cxd7 Qd8 27. Bxg7 Kxg7 28. Qc3+ Kg8 29. Qc6 {Precision: White = 78%, Black = 32%.} 1-0

[Event "XII Figueira da Foz Open 2018"]
[Site "Figueira da Foz"]
[Date "2018.11.03"]
[Round "8"]
[White "Vassallo Barroche, Mauricio"]
[Black "Alshameary Puente, Ismael"]
[Result "1/2-1/2"]
[WhiteElo "2378"]
[BlackElo "2369"]
[Annotator "TA"]
[PlyCount "45"]
[EventDate "2018.10.30"]
[EventType "swiss"]
[EventCountry "POR"]
[SourceTitle "playchess.com"]
[Source "ChessBase"]
[SourceQuality "1"]

{[%evp 17,45,0,0,-16,-22,-25,-29,-20,5,8,4,0,0,0,0,0,2,0,0,0,-5,-10,0,0,0,0,0,0,0,0]} 1. Nf3 Nf6 2. c4 c5 3. g3 g6 4. Bg2 Bg7 5. O-O O-O 6. d4 cxd4 7. Nxd4 d5 8. cxd5 Nxd5 9. Nb5 Be6 {LiveBook: 113 Games. D73: Fianchetto Grünfeld: 5 Nf3} 10. N1c3 Nxc3 11. Nxc3 {[#] And now Qxd8 would win.} Nc6 {Black has an edge.} 12. Qa4 Qd4 $146 {The position is equal.} (12... Qb6 {seems wilder.} 13. Qa3 Bd4 14. e3 Bg7 15. e4 Qb4) ({Predecessor:} 12... Qb6 13. Qa3 Rfd8 14. Be3 Qa5 15. Qxa5 Nxa5 16. Rac1 Rac8 17. Bxa7 Rd2 18. b4 Bxc3 19. bxa5 Bxa5 20. Bxb7 Rxc1 21. Rxc1 Rd7 22. Rb1 Bxa2 23. Rb2 Bc3 24. Rxa2 {½-½ (24) Morozevich,A (2771)-Radjabov,T (2761) Wijk aan Zee 2009}) 13. Qb5 Qb6 14. Qxb6 axb6 15. Be3 b5 {next ...b4 is good for Black.} 16. a3 Bc4 17. Rac1 Rfd8 18. h4 Rd7 19. Rfd1 Rad8 20. Rxd7 Rxd7 21. b3 Bxb3 22. Nxb5 Rd1+ 23. Rxd1 {Precision: White = 72%, Black = 72%.} 1/2-1/2

[Event "XII Figueira da Foz Open 2018"]
[Site "Figueira da Foz"]
[Date "2018.11.03"]
[Round "8"]
[White "Perez Garcia, Rodney Oscar"]
[Black "Roettgen, Juergen"]
[Result "1-0"]
[WhiteElo "2362"]
[BlackElo "2169"]
[Annotator "TA"]
[PlyCount "83"]
[EventDate "2018.10.30"]
[EventType "swiss"]
[EventCountry "POR"]
[SourceTitle "playchess.com"]
[Source "ChessBase"]
[SourceQuality "1"]

{[%evp 9,83,-2,60,45,72,39,68,41,73,63,77,31,57,29,37,50,55,37,65,62,49,60,71,70,145,149,130,129,201,193,182,178,199,142,196,191,227,233,238,226,235,230,221,211,243,251,258,261,293,287,285,277,277,277,434,438,550,558,545,545,642,591,633,629,565,388,519,495,505,497,522,502,562,554,555,499]} 1. e4 c5 2. Nf3 e6 3. b3 b6 4. Bd3 (4. Bb2 Bb7 5. Bd3 Nc6 6. a3 Nf6 7. O-O d6 8. Re1 Be7 9. Bf1 O-O 10. d3 Nd7 11. Nbd2 Bf6 12. Bxf6 Nxf6 {1-0 (29) Kasimdzhanov,R (2683)-Ganguly,S (2650) Riadh 2017}) 4... Nc6 5. O-O e5 (5... Bb7 $11) 6. Bb2 $146 {B40: Sicilian: 2...e6, Unusual lines} ({Predecessor:} 6. Bb5 Nge7 7. Bb2 d6 8. c3 a6 9. Be2 f5 10. exf5 Nxf5 11. Na3 Be7 {1-0 (62) Larsson,A (2253)-Cramling,D (2356) Falun 2012}) 6... d6 7. Bb5 Bd7 8. c3 {White is slightly better.} Nf6 9. d4 Be7 10. Nbd2 (10. dxe5 {is more complex.} Nxe5 11. c4 Bxb5 12. cxb5 Nxe4 13. Nxe5 dxe5 14. Qf3) 10... O-O 11. dxc5 (11. d5 {with more complications.} Na5 12. Bd3 b5 13. Re1 a6 14. Bc2) 11... dxc5 12. Bxc6 Bxc6 13. Nxe5 Bxe4 14. Nxe4 Qxd1 15. Raxd1 {[#] And now Nc6 would win.} Nxe4 16. Rfe1 Nf6 ({Black should try} 16... f5 $1 $14) 17. Nc6 $16 Bd8 18. c4 a6 (18... Nh5 $16 {was worth a try.} 19. Bc1 g6) 19. Rd6 $18 b5 20. Red1 $36 {[%mdl 2048] White is really pushing.} Bc7 21. Ne7+ Kh8 22. Rc6 ({Don't play} 22. Rxf6 $6 Bd8 $16) 22... Rfd8 {[#]} 23. Rxd8+ $1 Bxd8 24. Bxf6 gxf6 {[%mdl 4096] Endgame KRB-KRN} 25. Nf5 bxc4 26. bxc4 h5 27. g3 Kh7 28. Kg2 Kg6 29. Nh4+ Kh6 30. Rxc5 Rb8 31. Rd5 Rc8 (31... Bc7 $142 32. c5 Rb2) 32. c5 Ba5 {If only Black now had time for ...Bb4....} 33. Nf5+ Kh7 34. Ne7 Rc7 35. Rxh5+ Kg7 36. Nf5+ Kg8 37. Nd6 Bb4 38. Ne4 {White is clearly winning.} Kg7 39. Rd5 a5 40. g4 Kg6 41. h4 Re7 42. Kf3 {Precision: White = 82%, Black = 24%.} 1-0

[Event "XII Figueira da Foz Open 2018"]
[Site "Figueira da Foz"]
[Date "2018.11.03"]
[Round "8"]
[White "Piasetski, Leon"]
[Black "Martin Duque, Jesus"]
[Result "1-0"]
[WhiteElo "2252"]
[BlackElo "2354"]
[Annotator "TA"]
[PlyCount "97"]
[EventDate "2018.10.30"]
[EventType "swiss"]
[EventCountry "POR"]
[SourceTitle "playchess.com"]
[Source "ChessBase"]
[SourceQuality "1"]

{[%evp 17,97,34,58,0,0,9,20,-15,14,13,26,20,25,21,28,1,38,31,37,29,41,33,55,43,87,60,59,63,75,69,85,79,71,68,83,83,92,83,113,108,107,95,107,97,98,89,94,0,152,144,195,190,205,67,372,356,475,441,465,452,513,391,354,353,500,481,467,470,417,406,399,399,586,564,1289,1163,1713,1623,29951,4700,29981,6307]} 1. Nf3 b6 2. g3 Bb7 3. Bg2 c5 4. O-O g6 5. c4 Bg7 6. Nc3 Nf6 7. d4 Ne4 8. Nxe4 Bxe4 9. d5 {A30: Symmetrical English: Double Fianchetto and Hedgehog} b5 {LiveBook: 5 Games} 10. Ne1 $146 (10. Qb3 {is interesting.} Qb6 11. Bd2 d6 12. cxb5 Nd7 13. Bc3) ({Predecessor:} 10. cxb5 a6 11. bxa6 Rxa6 12. Bh3 h6 13. Nh4 Rd6 14. f3 Bxd5 15. Bf4 e5 16. Be3 Qc7 {0-1 (39) Iturrizaga Bonelli,E (2661)-Vallejo Pons,F (2706) Linares 2013}) 10... Bxg2 11. Nxg2 {The position is equal.} O-O 12. Bd2 b4 13. Qc1 d6 14. Bh6 Nd7 15. Bxg7 Kxg7 16. e4 Nf6 17. Qc2 Qc7 18. Rad1 Rae8 19. Rd2 Qd7 20. f3 h5 21. Qd3 Rh8 22. Re1 Qc7 23. h3 Qd7 {[#]} 24. Kh2 $1 Qc7 25. Qe3 e5 26. dxe6 $1 Rxe6 27. Nf4 Re7 28. Kg2 Rd8 29. Red1 Re5 30. b3 a5 31. Nd3 Ree8 32. Nf4 ({White should try} 32. g4 $16) 32... Qc6 $2 (32... Re5 $1 $11) 33. g4 $16 hxg4 (33... Re5 $16 34. Nd3 Ree8 35. Nxc5 hxg4 36. hxg4 Qc7) 34. hxg4 $18 Rh8 35. Kg3 ({White should play} 35. g5 $18 Nh5 36. Nxh5+ Rxh5 37. Qf4) 35... Qe8 $2 {[%mdl 8192]} (35... Qc7 $1 $14) 36. e5 $1 {[%cal Re5f6]} Nd7 37. Rxd6 Qe7 38. Ng2 Rhe8 39. f4 Nf8 40. Qxc5 g5 (40... Rxd6 {keeps fighting.} 41. Qxd6 Qxd6 42. Rxd6 g5) 41. Qd5 Rxd6 42. exd6 ({Less strong is} 42. Qxd6 gxf4+ 43. Nxf4 Qxe5 $18) 42... gxf4+ 43. Nxf4 Qe3+ 44. Qf3 Qe5 (44... Nd7 $142 45. Qxe3 Rxe3+ 46. Kh4 Re5) 45. Kg2 Ng6 46. Nxg6 fxg6 47. Rf1 Qe6 {[#]} 48. c5 (48. d7 $142 $1 Rb8 (48... Qxd7 49. Qf6+) 49. c5 Ra8 50. c6 Qd6 51. Rd1 Qc7 52. Qe4 Rf8 53. Qd4+ Kh6 54. Rh1+ Kg5 55. Qe3+ Kxg4 56. Qh3+ Kg5 57. Qh6+ Kf5 58. Qxf8+ Kg4 59. Rg1) 48... Rc8 {[#]} 49. d7 $1 {Precision: White = 53%, Black = 32%.} 1-0

[Event "XII Figueira da Foz Open 2018"]
[Site "Figueira da Foz"]
[Date "2018.11.03"]
[Round "8"]
[White "Margarido, Jose Miguel Teixeir"]
[Black "Pais, Bruno Miguel Dos Sa"]
[Result "1-0"]
[WhiteElo "2121"]
[BlackElo "1836"]
[Annotator "TA"]
[PlyCount "41"]
[EventDate "2018.10.30"]
[EventType "swiss"]
[EventCountry "POR"]
[SourceTitle "playchess.com"]
[Source "ChessBase"]
[SourceQuality "1"]

{[%evp 24,41,37,35,60,41,62,60,83,91,166,106,200,197,421,427,637,630,639,635]} 1. Nf3 Nf6 2. g3 e6 3. d4 d5 4. Bg2 Be7 5. c4 c6 6. Qc2 Nbd7 7. O-O O-O 8. Nbd2 b6 9. e4 Ba6 10. b3 Rc8 11. Bb2 dxe4 {E09: Closed Catalan: Main Line: 7 Qc2 c6 8 Nbd2} (11... c5 12. exd5 exd5 13. Rad1 cxd4 14. Nxd4 b5 15. Qb1 bxc4 16. bxc4 Bb4 17. Nf5 dxc4 18. Bxf6 Qxf6 19. Bh3 Qb6 20. Ne4 Ne5 {½-½ (56) Gomez,J (2464)-Ladva,O (2500) Batumi 2018}) 12. Nxe4 Nxe4 13. Qxe4 {LiveBook: 14 Games} Nf6 {White is slightly better.} 14. Qc2 b5 15. Ne5 bxc4 16. bxc4 c5 {[#]} (16... Bb7 $16 {is a better defense.}) 17. Nc6 $146 (17. Qa4 $1 $18 {[%cal Ra4a6]} Qb6 18. Ba3) ({Predecessor:} 17. Qa4 Qd6 18. dxc5 Rxc5 19. Ba3 Qxe5 20. Bxc5 Bxc5 21. Qxa6 {1-0 (44) Barata,A (2171)-Jorquera Cabello,V (2000) Praia da Pipa 2014}) 17... Qc7 (17... Rxc6 $16 18. Bxc6 Qb6) 18. Ba3 $18 {Rab1 is the strong threat.} Bd6 $2 (18... Rfe8) 19. dxc5 {White is clearly winning.} Be7 (19... Bf4 $142 20. gxf4 Bb7) 20. Qa4 Bb7 {[%cal Rb7c6]} 21. Nxe7+ 1-0

[Event "XII Figueira da Foz Open 2018"]
[Site "Figueira da Foz"]
[Date "2018.11.03"]
[Round "8"]
[White "Fernandes, Ricardo Paulos"]
[Black "Veiga, Jose Francisco R P "]
[Result "0-1"]
[WhiteElo "2098"]
[BlackElo "2272"]
[Annotator "TA"]
[PlyCount "62"]
[EventDate "2018.10.30"]
[EventType "swiss"]
[EventCountry "POR"]
[SourceTitle "playchess.com"]
[Source "ChessBase"]
[SourceQuality "1"]

{[%evp 13,62,23,57,46,56,0,14,8,31,35,35,18,21,0,0,0,23,-38,-35,-45,-54,-73,-72,-54,-75,-75,-45,-130,-123,-163,-163,-163,-162,-154,-150,-184,-171,-187,-179,-186,-190,-220,-205,-772,-793,-984,-1002,-1116,-1048,-1324,-1283]} 1. d4 Nf6 2. c4 g6 3. Nc3 Bg7 4. Nf3 O-O 5. e3 d6 6. Be2 c5 7. O-O Nbd7 {LiveBook: 15 Games} 8. Re1 {E61: King's Indian: Early deviations for White, including Smyslov System} (8. d5 a6 9. a4 Ne8 10. e4 e5 11. dxe6 fxe6 12. Bg5 Qc7 13. Qd2 Nb8 14. e5 dxe5 15. Bd8 Qd7 16. Qxd7 Bxd7 {1-0 (23) Mikhalevski,V (2571)-Ladron de Guevara Pinto,P (2367) Caleta 2015}) 8... b6 9. b3 Bb7 10. Bb2 {The position is equal.} cxd4 11. exd4 d5 12. Rc1 $146 ({Predecessor:} 12. Ne5 a6 13. Bf3 Rb8 14. cxd5 b5 15. Nc6 Bxc6 16. dxc6 Nb6 17. Rc1 {1-0 (56) Enzendorfer,A (2139)-Bauer,M (1968) Linz 2011}) 12... Rc8 13. Ba3 Re8 14. Bf1 dxc4 15. Bxc4 (15. bxc4 $11 Nf8 16. d5) 15... Bh6 $15 16. Rc2 a6 $1 17. Bc1 Bxc1 18. Rxc1 {And now Bxf7+! would win.} b5 {[%cal Bb6b5,Bb5b4][%mdl 32]} 19. Be2 Nb6 20. Ne5 (20. a4 $15) 20... b4 $17 21. Na4 Rxc1 22. Qxc1 Nxa4 ({Don't do} 22... Qxd4 23. Nxb6 Qxb6 24. Qf4 $15) 23. bxa4 Qxd4 24. Bc4 e6 25. Qg5 {[#]} Kg7 $1 26. Bb3 h6 27. Qg3 Bd5 $40 {[%mdl 128] Black has strong attack.} 28. Bc2 $2 (28. Qe3 Qxe3 29. Rxe3) 28... Qd2 $19 {[%cal Rd2e1] Black is clearly winning.} 29. f4 Qxc2 30. h4 Nh5 31. Qg4 {[#]} Nxf4 $1 {Precision: White = 27%, Black = 74%.} 0-1